Discurso pronunciado á la Audiencia Territorial de Cataluña, el dia 2 de enero de 1823, por su regente don Juan Lopez de Vinuesa
Descripción Física:
10, [10] p. ; 20 cm
MARC
| LEADER | 00000nam a2200000Ia 4500 | ||
|---|---|---|---|
| 001 | 17523 | ||
| 008 | 160829s9999 xx 000 0 cat d | ||
| 080 | |a RF-9-14 | ||
| 100 | |a López de Vinueza, Juan |9 48834 | ||
| 245 | |a Discurso pronunciado á la Audiencia Territorial de Cataluña, el dia 2 de enero de 1823, por su regente don Juan Lopez de Vinuesa | ||
| 260 | |a Barcelona : |b en la oficina de Juan Francisco Piferrer, [1823] | ||
| 300 | |a 10, [10] p. ; |c 20 cm | ||
| 590 | |a Prové de 4663, exp. 4. | ||
| 650 | |a Justícia |x Administració |x Catalunya |x Història |x S. XII/XIX |9 38181 | ||
| 856 | 4 | |u https://media.diba.cat/diba/fitxers/arxiu/fulletons/bib_17523_1823_baixa.pdf |y Accés lliure | |
| 856 | 4 | |u https://media.diba.cat/diba/fitxers/arxiu/fulletons/bib_17523_1823_baixa.pdf |y Accés lliure | |
| 901 | |a Arxiu | ||
| 942 | |n 1 |2 udc | ||
| 952 | |0 0 |1 0 |4 0 |6 RF914 |7 1 |9 54893 |a Arxiu |b Arxiu |d 2016-12-01 |l 0 |o RF-9-14 |p 17523 |r 2016-12-01 00:00:00 |w 2016-12-01 |y ARXIU | ||
| 999 | |c 58763 |d 58763 | ||
| 900 | |a bib_17523_1823_baixa.pdf | ||